Statistics for Countries, US States, Capitals, Elements, 100 Most Common Words: contaning special characters

Click here to take the quiz!

General Stats

  • This quiz has been taken 129 times
  • The average score is 6 of 11

Answer Stats

CHARACTER# ANSWERSANSWERS% Correct
é6Lomé, Malé, San José, São Tomé, São Tomé and Príncipe, Yaoundé
81%
'5Cote d'Ivoire, N'Djamena, Saint George's, Saint John's, Sana'a
72%
-4Guinea-Bissau, Port-au-Prince, Port-of-Spain, Porto-Novo
72%
ã2São Tomé, São Tomé and Príncipe
64%
í3Brasília, Reykjavík, São Tomé and Príncipe
55%
ș1Chișinău
51%
ă1Chișinău
45%
ʻ1Nukuʻalofa
39%
á1Bogotá
30%
.1Washington D.C.
22%
ó1Asunción
19%

Score Distribution

Percentile by Number Answered

Percent of People with Each Score

Your Score History

You have not taken this quiz